Länder, die Komoren am Nächsten Liegen - Sudden Death - Statistiken

Allgemein
  • Dieses Quiz wurde 25 mal gespielt
  • Das Durchschnittsergebnis liegt bei 4 aus 15
Answers on the Grid
Answers color-coded by a green-red scale on the quiz's grid according to % correct below.
Seychellen
Mauritius
Madagaskar
Somalia
Tansania
Uganda
Kenia
Demokratische Republik Kongo
Sambia
Malawi
Mosambik
Simbabwe
Ruanda
Äthiopien
Burundi
Süd-Afrika
Lesotho
Eswatini
Botswana
Namibia
Republik Kongo
Angola
Zentralafrikanische Republik
Kamerun
Sudan
Südsudan
Eritrea
Dschibuti
Malediven
Jemen
 
Antwortstatistiken
Antwort % Korrekt
Mosambik
74%
Madagaskar
68%
Mauritius
58%
Malawi
42%
Kenia
37%
Seychellen
37%
Tansania
37%
Simbabwe
21%
Burundi
16%
Ruanda
16%
Sambia
16%
Somalia
16%
Demokratische Republik Kongo
5%
Uganda
5%
Äthiopien
0%
Keine übereinstimmenden Quizze gefunden
Verteilung der Resultate
Anzahl Personen mit jedem Resultat
Perzentil nach korrekt beantworteten Fragen
Ihre Resultats-Entwicklung
Sie haben dieses Quiz noch nicht gespielt